000 00646nam a2200241 i 4500
001 106030
003 ES-MaACL
007 t|
008 060921s1978 sp ||||1| spa d
020 _a84-344-0766-3
080 _a141.82
100 1 _aKorsch, Karl.
_968610
245 1 0 _aMarxismo y filosofía /
_cKarl Korsch.
250 _a1ª ed.
260 _aBarcelona :
_bAriel,
_c1978.
300 _a188 p. ;
_c18 cm.
490 1 _aAriel quincenal ;
_v138
500 _aBiblioteca Juan Andrade.
650 1 4 _aMarxismo.
_914803
830 0 _aAriel quincenal ;
_v138
_9180806
852 _aES-MaACL
_jAND-816
_bR.110108
999 _c106030
_d106030